Statistics for Euro 2000 teams

Click here to take the quiz!

General Stats

  • This quiz has been taken 66 times
  • The average score is 14 of 16

Answer Stats

Answer% Correct
England
98%
France
98%
Portugal
96%
Spain
96%
Italy
95%
Sweden
95%
Germany
93%
Netherlands
93%
Belgium
88%
Denmark
88%
Romania
88%
Norway
82%
Czech Republic
79%
Turkey
79%
Slovenia
71%
Yugoslavia
54%

Score Distribution

Percentile by Number Answered

Percent of People with Each Score

Your Score History

You have not taken this quiz